Principles Of Digital Communication (Record no. 311583)
[ view plain ]
| 000 -LEADER | |
|---|---|
| fixed length control field | 00515nam a2200169Ia 4500 |
| 008 - FIXED-LENGTH DATA ELEMENTS--GENERAL INFORMATION | |
| fixed length control field | 230718s9999 xx 000 0 und d |
| 020 ## - INTERNATIONAL STANDARD BOOK NUMBER | |
| International Standard Book Number | 9780852261507 |
| 041 ## - LANGUAGE CODE | |
| Language code of text/sound track or separate title | eng |
| 082 ## - DEWEY DECIMAL CLASSIFICATION NUMBER | |
| Classification number | 621.38 |
| Item number | DAS |
| 100 ## - MAIN ENTRY--PERSONAL NAME | |
| Personal name | Das J. |
| 9 (RLIN) | 158443 |
| 245 ## - TITLE STATEMENT | |
| Title | Principles Of Digital Communication |
| Remainder of title | Signal Representation, Detection Estimation And Inforamation Coding |
| 260 ## - PUBLICATION, DISTRIBUTION, ETC. (IMPRINT) | |
| Date of publication, distribution, etc. | 2005 |
| Name of publisher, distributor, etc. | New Age |
| 300 ## - PHYSICAL DESCRIPTION | |
| Extent | 645 |
| 365 ## - TRADE PRICE | |
| Currency code | Rs. |
| Price amount | 235.00 |
| 700 ## - ADDED ENTRY--PERSONAL NAME | |
| Personal name | Das J., Mullick S.K. & Chatterjee P.K. |
| 906 ## - LOCAL DATA ELEMENT F, LDF (RLIN) | |
| d | 866/22.11.2005 |
| c | ETC |
| b | 47 |
| Withdrawn status | Lost status | Damaged status | Not for loan | Home library | Current library | Date acquired | Vendor | Budget Code | Cost, normal purchase price | Bill number | Total Checkouts | Full call number | Barcode | Date last seen | Discount | Cost, replacement price | Bill Date | Koha item type | Original Barcode |
|---|---|---|---|---|---|---|---|---|---|---|---|---|---|---|---|---|---|---|---|
| Cummins College of Engineering for Women Pune | Cummins College of Engineering for Women Pune | 28/11/2005 | Goels Computer Hut | ETC | 188.00 | 866/22.11.2005 | 621.38 | CCEP-BK-22790 | 18/07/2023 | 47 | 235.00 | 22/11/2005 | Books | 022790 |